| 000 | 00881nam a2200241Ia 4500 | ||
|---|---|---|---|
| 003 | GCL | ||
| 008 | 140319s9999 xx 000 0 ara d | ||
| 020 | _a1049316977 | ||
| 040 |
_aGCL / _cGCL |
||
| 082 | 0 | 4 |
_a665.028 _bم ا |
| 100 | 1 | _aمصطفى الحسينى يوسف طرباى | |
| 245 | 1 | 0 |
_aافضل طرق التحليل للزيوت والدهون والصابون ومشتقاتها الثانوية / _cمصطفى الحسينى يوسف طرباى |
| 250 | _aالاولى | ||
| 260 |
_aالقاهرة : _bدار النشر للجامعات المصرية ، _c2001 |
||
| 300 |
_a344 ص ؛ _c24 سم |
||
| 650 | 0 | 4 | _aالزيوت |
| 650 | 0 | 4 | _aالزيوت - صناعات |
| 650 | 0 | 4 | _aالزيوت - تحليل |
| 650 | 0 | 4 | _aالدهون - تحليل |
| 650 | 0 | 4 | _aالصابون - صناعة |
| 650 | 0 | 4 | _aالجلسرين - صناعة |
| 942 |
_2ddc _cBK |
||
| 999 |
_c57467 _d57467 |
||